[Event "2014 Alberta Open"]
[Site "Calgary"]
[Date "2014.10.13"]
[Round "6.15"]
[White "Koneru, Nimai"]
[Black "Koperski, Dustin"]
[Result "1-0"]
[WhiteElo "1481"]
[BlackElo "1703"]
[PlyCount "143"]
[EventDate "2014.10.11"]
[EventType "swiss"]
[EventRounds "6"]
[EventCountry "CAN"]

1. d4 Nf6 2. Bf4 c5 3. c3 cxd4 4. cxd4 g6 5. Nf3 Bg7 6. e3 O-O 7. Bc4 d5 8. Bd3
Bg4 9. h3 Bxf3 10. Qxf3 Nc6 11. a3 Rc8 12. Nc3 Re8 13. O-O e6 14. Rac1 Nd7 15.
Nb5 Bf8 16. Bd6 a6 17. Bxf8 Rxf8 18. Nd6 Rc7 19. Nxb7 Nxd4 20. Nxd8 Nxf3+ 21.
gxf3 Nc5 22. Nb7 Rxb7 23. Rxc5 Rxb2 24. Bxa6 Ra8 25. Rc8+ Rxc8 26. Bxc8 Ra2 27.
Rb1 Rxa3 28. Rb8 Kg7 29. Rb7 Kg8 30. Rd7 Rc3 31. Bb7 Rc5 32. Rd8+ Kg7 33. Rc8
Rb5 34. Bc6 Rc5 35. Bd7 Ra5 36. Be8 Kf8 37. Ba4+ Kg7 38. Bd7 Ra7 39. Rd8 Ra5
40. Bc6 Rc5 41. Rc8 Ra5 42. Rb8 Rc5 43. Bb5 Rc7 44. Kg2 Rc5 45. Bf1 Rc1 46. Rb3
Kf6 47. Bd3 Rc5 48. Bb1 Rc7 49. Rb5 Rd7 50. e4 d4 51. Rb3 Kg7 52. f4 Kf6 53.
Kf3 g5 54. e5+ Kg7 55. fxg5 h6 56. h4 hxg5 57. hxg5 Kf8 58. Ke4 Kg7 59. f4 Kf8
60. Rd3 Rb7 61. Bc2 Rb2 62. Bd1 Rb4 63. Rxd4 Rb1 64. Bh5 Rh1 65. Be2 Re1 66.
Ke3 Ra1 67. Bc4 Ra3+ 68. Rd3 Ra4 69. Bb3 Ra1 70. Rd2 Ra3 71. Rd3 Kg7 72. Bxe6
1-0

[Event "2014 Alberta Open"]
[Site "Calgary"]
[Date "2014.10.13"]
[Round "6.20"]
[White "Sasata, Anastasia"]
[Black "Stacey, George"]
[Result "0-1"]
[WhiteElo "899"]
[BlackElo "1052"]
[PlyCount "52"]
[EventDate "2014.10.11"]
[EventType "swiss"]
[EventRounds "6"]
[EventCountry "CAN"]

1. e4 e5 2. Nc3 Nf6 3. Nf3 Nc6 4. Bc4 Bc5 5. Rf1 Nxe4 6. Nxe4 d5 7. Bd3 dxe4 8.
Bxe4 O-O 9. d3 Bg4 10. Bd2 Rb8 11. Qe2 Nd4 12. Qd1 f5 13. h3 Bh5 14. c3 Nxf3+
15. gxf3 fxe4 16. dxe4 Bxf3 17. Qc2 Bg2 18. Rg1 Bxf2+ 19. Ke2 Bxg1 20. Rxg1
Bf3+ 21. Ke3 Qf6 22. Rg3 Qf4+ 23. Kf2 Qxe4 24. Qd1 Bxd1+ 25. Kg1 Qe2 26. Bg5
Rf1# 0-1

[Event "2014 Geoff Newton Memorial Sectional A "]
[Site "Edmonton"]
[Date "2014.10.24"]
[Round "1"]
[White "Razzaq, Ali"]
[Black "Nguyen, Kim"]
[Result "0-1"]
[WhiteElo "2009"]
[BlackElo "2118"]
[PlyCount "82"]
[EventDate "2014.10.24"]
[EventType "tourn"]
[EventRounds "5"]
[EventCountry "CAN"]

1. d4 Nf6 2. Bf4 g6 3. Nf3 Bg7 4. e3 c5 5. c3 O-O 6. Be2 d6 7. h3 b6 8. O-O Bb7
9. Nbd2 Nbd7 10. a4 a6 11. Bh2 Ra7 12. Qc2 Qa8 13. Ne1 Ne4 14. Nxe4 Bxe4 15.
Qb3 cxd4 16. exd4 Bd5 17. Bc4 Bc6 18. f4 b5 19. axb5 axb5 20. Rxa7 Qxa7 21. Bd3
e5 22. fxe5 dxe5 23. Kh1 Qb7 24. d5 Bxd5 25. Qxb5 Rb8 26. Qa4 Nc5 27. Qc2 Qxb2
28. Bg1 Nxd3 29. Qxd3 Rd8 30. Qc2 Qb7 31. Nf3 Rc8 32. Qd2 h6 33. Bh2 e4 34. Nd4
e3 35. Qxe3 Bxg2+ 36. Kg1 Bxf1 37. Kxf1 Qb1+ 38. Ke2 Qa2+ 39. Qd2 Re8+ 40. Kd3
Qa6+ 41. Kc2 Bxd4 0-1

[Event "2014 Geoff Newton Memorial Sectional A "]
[Site "Edmonton"]
[Date "2014.10.24"]
[Round "1"]
[White "Willis, Bradley"]
[Black "Hughey, Micah"]
[Result "0-1"]
[WhiteElo "2011"]
[BlackElo "2150"]
[PlyCount "66"]
[EventDate "2014.10.24"]
[EventType "tourn"]
[EventRounds "5"]
[EventCountry "CAN"]

1. e4 e5 2. Nc3 Nf6 3. f4 d5 4. fxe5 Nxe4 5. d3 Bb4 6. dxe4 Bxc3+ 7. bxc3 Qh4+
8. Ke2 Bg4+ 9. Nf3 dxe4 10. Qd4 Bh5 11. Kd2 Qg4 12. h3 Qf4+ 13. Ke1 Qg3+ 14.
Qf2 Qxf2+ 15. Kxf2 exf3 16. gxf3 Nd7 17. Bd3 O-O-O 18. Re1 Rhe8 19. Bf5 Bg6 20.
Bxg6 hxg6 21. Bf4 Re6 22. Re3 Rde8 23. Rae1 Ra6 24. Ra1 Ra5 25. Bg3 Re6 26. f4
Rea6 27. Kf3 Rxa2 28. Rxa2 Rxa2 29. e6 fxe6 30. Rxe6 Nf6 31. Re7 Rxc2 32. Rxg7
Rxc3+ 33. Kg2 Rxg3+ 0-1

[Event "2014 Geoff Newton Memorial Sectional A "]
[Site "Edmonton"]
[Date "2014.10.25"]
[Round "2"]
[White "Hughey, Micah"]
[Black "Miller, David"]
[Result "1-0"]
[WhiteElo "2150"]
[BlackElo "2232"]
[PlyCount "99"]
[EventDate "2014.10.24"]
[EventType "tourn"]
[EventRounds "5"]
[EventCountry "CAN"]

1. e4 e6 2. d4 d5 3. Nc3 Bb4 4. e5 c5 5. Bd2 Nh6 6. Nb5 Bxd2+ 7. Qxd2 O-O 8. f4
a6 9. Nd6 cxd4 10. Nf3 f6 11. Bd3 Nc6 12. O-O fxe5 13. fxe5 Nxe5 14. Nxe5 Rxf1+
15. Rxf1 Qxd6 16. Qg5 Bd7 17. Rf6 Qxe5 18. Qxe5 Ng4 19. Bxh7+ Kh8 20. Qc7 Nxf6
21. Qxb7 Rf8 22. Bd3 e5 23. Bxa6 Bf5 24. Qc7 e4 25. Qe5 Bg6 26. Qxd4 Ra8 27.
Bb7 Rxa2 28. Bxd5 Nxd5 29. Qxd5 Rxb2 30. Qd8+ Kh7 31. Qh4+ Kg8 32. Qg5 e3 33.
Qxe3 Rxc2 34. h4 Bf7 35. Kh2 Rc4 36. Kg3 Rb4 37. Qe7 Rd4 38. Qe5 Rd5 39. Qe4 g6
40. Kf4 Rc5 41. Qa8+ Kg7 42. Qa1+ Kg8 43. g4 Rd5 44. Ke4 Rc5 45. Qd1 Rd5 46.
Qxd5 Bxd5+ 47. Kxd5 Kf7 48. Ke5 Ke7 49. g5 Kf7 50. Kd6 1-0

[Event "2014 Geoff Newton Memorial Sectional A "]
[Site "Edmonton"]
[Date "2014.10.25"]
[Round "2"]
[White "Willis, Bradley"]
[Black "Razzaq, Ali"]
[Result "1-0"]
[WhiteElo "2011"]
[BlackElo "2009"]
[PlyCount "109"]
[EventDate "2014.10.24"]
[EventType "tourn"]
[EventRounds "5"]
[EventCountry "CAN"]

1. e4 c6 2. d4 d5 3. f3 dxe4 4. Nc3 e5 5. dxe5 Qxd1+ 6. Kxd1 exf3 7. Nxf3 Bg4
8. h3 Bxf3+ 9. gxf3 Nd7 10. f4 O-O-O 11. Bd3 Ne7 12. Ne4 Nd5 13. Ng5 f6 14. Nf7
Be7 15. Nxh8 Rxh8 16. e6 Nc5 17. a3 Nxe6 18. Bf5 Ndc7 19. Re1 Kd7 20. c3 g6 21.
Bxe6+ Nxe6 22. Be3 Bc5 23. Bxc5 Nxc5 24. Kc2 f5 25. Rad1+ Kc7 26. Re7+ Kb6 27.
b4 Ne4 28. Rdd7 Rb8 29. Re6 a5 30. Rxh7 axb4 31. axb4 Rd8 32. Ree7 Kb5 33.
Rxb7+ Kc4 34. Rhd7 Rxd7 35. Rxd7 Nxc3 36. Rd6 Nd5 37. Rxc6+ Kxb4 38. Rxg6 Nxf4
39. Rg3 Nh5 40. Rg5 Nf4 41. h4 Ne6 42. Kd3 Kc5 43. Rxf5+ Kd6 44. h5 Ke7 45. h6
Nf8 46. Ke4 Ng6 47. Kd5 Nf8 48. Ke5 Ng6+ 49. Ke4 Nf8 50. Kf4 Nh7 51. Kg4 Ke6
52. Rf1 Ke7 53. Kh5 Nf8 54. Kg5 Ke8 55. Kf6 1-0

[Event "2014 Geoff Newton Memorial Sectional A "]
[Site "Edmonton"]
[Date "2014.10.25"]
[Round "3"]
[White "Miller, David"]
[Black "Nguyen, Kim"]
[Result "0-1"]
[WhiteElo "2232"]
[BlackElo "2118"]
[PlyCount "170"]
[EventDate "2014.10.24"]
[EventType "tourn"]
[EventRounds "5"]
[EventCountry "CAN"]

1. e4 c6 2. c4 d5 3. cxd5 cxd5 4. exd5 Nf6 5. Nc3 g6 6. Bb5+ Nbd7 7. Nf3 Bg7 8.
O-O O-O 9. d4 Nb6 10. h3 a6 11. Bd3 Nbxd5 12. a3 Qd6 13. Ne5 b5 14. Bc2 Bb7 15.
Bb3 Rad8 16. Qe2 Qb8 17. Bg5 h6 18. Be3 Qa8 19. Rad1 Nxc3 20. bxc3 Nd5 21. Bd2
Rc8 22. Rc1 e6 23. f3 Rc7 24. Rc2 Qe8 25. Ng4 h5 26. Nf2 Qe7 27. Ra1 Rfc8 28.
Bxd5 Bxd5 29. Rcc1 f5 30. a4 Bc4 31. Qe1 e5 32. dxe5 Qxe5 33. Qxe5 Bxe5 34. Re1
Bf6 35. axb5 Bxb5 36. Nd1 Kf7 37. Rc1 Bh4 38. Nf2 Rc6 39. f4 Bf6 40. Nd1 Bc4
41. Ne3 Be6 42. Rb1 R8c7 43. Nd1 Be7 44. Be3 a5 45. Bd4 a4 46. Nb2 a3 47. Nd3
Bf6 48. Ne5+ Bxe5 49. Bxe5 Rd7 50. Ra1 a2 51. c4 Rd2 52. Rf1 Rxc4 53. Rf2 Rcc2
54. Rxd2 Rxd2 55. Rc1 Bd5 56. Rc7+ Ke6 57. Ra7 Rxg2+ 58. Kf1 Rc2 59. Ra6+ Kd7
60. Rd6+ Ke7 61. Rxd5 Rc1+ 62. Kg2 a1=Q 63. Bxa1 Rxa1 64. Rb5 Rd1 65. Rb6 Rd6
66. Rb3 h4 67. Re3+ Kf6 68. Ra3 Rd2+ 69. Kg1 Rd4 70. Rf3 Ke6 71. Rf2 Kd5 72.
Rg2 Ke4 73. Rxg6 Kxf4 74. Ra6 Rd3 75. Ra4+ Kg3 76. Kf1 f4 77. Ke2 Rb3 78. Ra1
Rb2+ 79. Kf1 Rh2 80. Kg1 Re2 81. Ra3+ f3 82. Kf1 Rb2 83. Ra1 Kxh3 84. Re1 Kg3
85. Rc1 Rh2 0-1

[Event "2014 Geoff Newton Memorial Sectional A "]
[Site "Edmonton"]
[Date "2014.10.25"]
[Round "3"]
[White "Razzaq, Ali"]
[Black "Hughey, Micah"]
[Result "0-1"]
[WhiteElo "2009"]
[BlackElo "2150"]
[PlyCount "66"]
[EventDate "2014.10.24"]
[EventType "tourn"]
[EventRounds "5"]
[EventCountry "CAN"]

1. d4 Nf6 2. Bf4 c5 3. d5 b5 4. c4 Bb7 5. Nc3 b4 6. Nb5 d6 7. Qa4 Nbd7 8. Nf3
a6 9. Nbd4 cxd4 10. Nxd4 Qb6 11. e3 g6 12. Be2 Bg7 13. Nc6 Bxc6 14. dxc6 Nc5
15. Qc2 Qxc6 16. Bf3 Nfe4 17. Rd1 O-O 18. Rd5 f5 19. g4 e5 20. Bg3 Nxg3 21.
hxg3 e4 22. Be2 fxg4 23. O-O Rf5 24. Rfd1 Rxd5 25. Rxd5 h5 26. Qd2 Be5 27. Qxb4
a5 28. Qd2 a4 29. Qc2 Rb8 30. b3 axb3 31. axb3 Qb7 32. b4 Qxb4 33. Rxc5 Qb1+
0-1

[Event "2014 Geoff Newton Memorial Sectional A "]
[Site "Edmonton"]
[Date "2014.10.25"]
[Round "3"]
[White "Sequillion, Aaron"]
[Black "Willis, Bradley"]
[Result "0-1"]
[WhiteElo "2245"]
[BlackElo "2011"]
[PlyCount "114"]
[EventDate "2014.10.24"]
[EventType "tourn"]
[EventRounds "5"]
[EventCountry "CAN"]

1. e4 d6 2. d4 Nf6 3. Nc3 g6 4. h4 h5 5. Be3 c6 6. Qd2 Bg7 7. O-O-O b6 8. Nh3
Qc7 9. f3 Nbd7 10. Kb1 Bb7 11. Ng5 e6 12. Be2 Nf8 13. g4 O-O-O 14. a3 a6 15.
Qe1 Re8 16. Qf2 Re7 17. d5 N8d7 18. gxh5 gxh5 19. Nxf7 Rxf7 20. dxe6 Re7 21.
exd7+ Nxd7 22. Bd4 Nc5 23. Rhg1 Rf8 24. Bxg7 Rxg7 25. Qd4 Rxg1 26. Rxg1 Ne6 27.
Qd2 Qe7 28. Rd1 Kc7 29. Qe1 Rf4 30. Qf1 b5 31. a4 b4 32. Na2 a5 33. c3 c5 34.
Ba6 Bxe4+ 35. Ka1 Bc6 36. Bb5 Bxf3 37. Re1 Be4 38. Qe2 d5 39. Qxh5 Rxh4 40.
Qe5+ Qd6 41. Qf6 Rf4 42. Qh8 Rf8 43. Qh6 Qe7 44. Nc1 Qf6 45. Qh2+ Qf4 46. Qh3
Bf5 47. Qh1 Kd6 48. Rf1 Qe4 49. Qh2+ Qe5 50. Qxe5+ Kxe5 51. cxb4 axb4 52. Re1+
Kd6 53. Ne2 c4 54. Rd1 Bc2 55. Rc1 Bd3 56. Re1 Bxe2 57. Rxe2 Nd4 0-1

[Event "2014 Geoff Newton Memorial Sectional A "]
[Site "Edmonton"]
[Date "2014.10.26"]
[Round "4"]
[White "Hughey, Micah"]
[Black "Nguyen, Kim"]
[Result "0-1"]
[WhiteElo "2150"]
[BlackElo "2118"]
[PlyCount "94"]
[EventDate "2014.10.24"]
[EventType "tourn"]
[EventRounds "5"]
[EventCountry "CAN"]

1. e4 c6 2. d4 d5 3. exd5 cxd5 4. c4 Nf6 5. Nc3 g6 6. Qb3 Bg7 7. cxd5 O-O 8.
Bf4 Na6 9. Nf3 Qb6 10. Bc4 Qxb3 11. Bxb3 Nb4 12. O-O-O Bf5 13. Rhe1 Rad8 14.
Rxe7 Nfxd5 15. Nxd5 Nxd5 16. Bxd5 Rxd5 17. Rd2 b5 18. Rxa7 Be4 19. Be3 Rd6 20.
Re7 Bd5 21. b3 Ra8 22. Rc7 Bf8 23. Rdc2 Rdd8 24. Ne5 Ba3+ 25. Kd2 Bd6 26. R7c3
Bxe5 27. dxe5 Bxb3+ 28. Ke2 Bxc2 29. Rxc2 Ra4 30. Rb2 b4 31. Bc5 Rda8 32. Bxb4
Rxa2 33. Rxa2 Rxa2+ 34. Kf3 g5 35. Be7 g4+ 36. Kg3 Kg7 37. Kxg4 Rxf2 38. Kg3
Rc2 39. h3 Kg6 40. Kf3 Kf5 41. Bf6 Rc3+ 42. Kf2 Kf4 43. Bg7 Rc2+ 44. Kf1 Kg3
45. Bf6 Rf2+ 46. Ke1 Rxg2 47. Kf1 Kxh3 0-1

[Event "2014 Geoff Newton Memorial Sectional A "]
[Site "Edmonton"]
[Date "2014.10.26"]
[Round "4"]
[White "Willis, Bradley"]
[Black "Miller, David"]
[Result "0-1"]
[WhiteElo "2011"]
[BlackElo "2232"]
[PlyCount "96"]
[EventDate "2014.10.24"]
[EventType "tourn"]
[EventRounds "5"]
[EventCountry "CAN"]

1. e4 e5 2. Nc3 Nc6 3. f4 exf4 4. d4 Qh4+ 5. Ke2 d6 6. Nf3 Bg4 7. Qd3 O-O-O 8.
Bd2 Qf6 9. d5 Ne5 10. Qb5 a6 11. Qa4 Ne7 12. Kf2 Bxf3 13. gxf3 Qh4+ 14. Ke2 g5
15. Bg2 g4 16. Raf1 Rg8 17. Qd4 gxf3+ 18. Bxf3 Nxf3 19. Rxf3 Rg2+ 20. Kf1 Rxh2
21. Rxh2 Qxh2 22. Qf2 Qxf2+ 23. Kxf2 Ng6 24. Bxf4 Nxf4 25. Rxf4 Rd7 26. Nd1 Bg7
27. Rh4 Bd4+ 28. Kf3 f6 29. c3 Be5 30. Ne3 c6 31. Kg4 Rg7+ 32. Kf5 Kd7 33. Rh5
h6 34. Ng4 Rg5+ 35. Rxg5 hxg5 36. Ne3 Ke7 37. Ng4 cxd5 38. exd5 b5 39. Ne3 Kd7
40. Nd1 Kc7 41. Ne3 a5 42. Ke6 a4 43. c4 bxc4 44. Nxc4 g4 45. Ne3 g3 46. b3
axb3 47. axb3 Kb6 48. Kf5 Kc5 0-1

[Event "2014 Geoff Newton Memorial Sectional A "]
[Site "Edmonton"]
[Date "2014.10.26"]
[Round "5"]
[White "Nguyen, Kim"]
[Black "Willis, Bradley"]
[Result "1-0"]
[WhiteElo "2118"]
[BlackElo "2011"]
[PlyCount "55"]
[EventDate "2014.10.24"]
[EventType "tourn"]
[EventRounds "5"]
[EventCountry "CAN"]

1. e4 d6 2. d4 Nf6 3. Nc3 g6 4. Be3 c6 5. Qd2 h6 6. h3 b6 7. f4 Bb7 8. Bd3 Na6
9. a3 Qc7 10. b4 Nb8 11. Nge2 Bg7 12. Rb1 Nbd7 13. e5 dxe5 14. fxe5 Nd5 15.
Nxd5 cxd5 16. O-O Nf8 17. Nf4 Qd7 18. Qf2 O-O-O 19. c4 f6 20. e6 Nxe6 21. Nxe6
Qxe6 22. Bxg6 Qc6 23. c5 b5 24. a4 Ba6 25. Bd3 Kc7 26. axb5 Bxb5 27. Bxb5 Qxb5
28. Qg3+ 1-0

[Event "2014 Geoff Newton Memorial Sectional B"]
[Site "Edmonton"]
[Date "2014.10.24"]
[Round "1"]
[White "Hughey, Leah"]
[Black "Pua, Richard"]
[Result "1/2-1/2"]
[WhiteElo "1758"]
[BlackElo "1917"]
[PlyCount "105"]
[EventDate "2014.10.24"]
[EventType "tourn"]
[EventRounds "5"]
[EventCountry "CAN"]

1. e4 e5 2. Nf3 Nc6 3. d4 exd4 4. Nxd4 Nf6 5. Nxc6 bxc6 6. Bd3 d5 7. exd5 cxd5
8. O-O Be7 9. Nd2 O-O 10. Nf3 Bg4 11. h3 Bh5 12. Bf4 Bd6 13. Be3 c5 14. c3 Rb8
15. b4 cxb4 16. Bxa7 Ra8 17. Bd4 bxc3 18. Bxc3 Ne4 19. Bxe4 dxe4 20. Qd4 Qf6
21. Qxf6 gxf6 22. Nd2 f5 23. g4 Rfc8 24. Bf6 Rc2 25. Rfd1 Bf4 26. Nxe4 fxe4 27.
gxh5 Rc6 28. Rd8+ Rxd8 29. Bxd8 f5 30. a4 Bc7 31. Bxc7 Rxc7 32. a5 Ra7 33. Kg2
f4 34. Ra2 Ra6 35. h4 Kf7 36. Ra4 Kg7 37. Rxe4 Rxa5 38. Rxf4 Rxh5 39. Kg3 Ra5
40. Rg4+ Kf6 41. Rf4+ Kg6 42. Kg4 Rb5 43. Ra4 h5+ 44. Kf4 Rf5+ 45. Ke3 Rb5 46.
Kf4 Rf5+ 47. Kg3 Rb5 48. Ra6+ Kg7 49. Kf4 Rb4+ 50. Kg5 Rb5+ 51. Kf4 Rb4+ 52.
Kg3 Rg4+ 53. Kh3 1/2-1/2

[Event "2014 Geoff Newton Memorial Sectional B"]
[Site "Edmonton"]
[Date "2014.10.24"]
[Round "1"]
[White "Kadavil, Suresh"]
[Black "Mah, Sean"]
[Result "1-0"]
[WhiteElo "1643"]
[BlackElo "1526"]
[PlyCount "63"]
[EventDate "2014.10.24"]
[EventType "tourn"]
[EventRounds "5"]
[EventCountry "CAN"]

1. b4 e5 2. Bb2 d6 3. c4 Be6 4. e3 c6 5. Nf3 f6 6. a3 d5 7. cxd5 cxd5 8. d4 e4
9. Nfd2 Bd6 10. Nc3 a6 11. Qa4+ Nd7 12. b5 Ne7 13. Qb3 O-O 14. Ndxe4 Bc7 15.
Nc5 Nxc5 16. dxc5 Qc8 17. b6 d4 18. Bc4 Bxc4 19. Qxc4+ Kh8 20. exd4 Bxb6 21.
O-O Bc7 22. d5 Rd8 23. Rad1 Ng6 24. Ne4 Qd7 25. d6 Bb8 26. Nxf6 Qc6 27. Qd4
Bxd6 28. cxd6 b5 29. Ne8 Rd7 30. Nxg7 Qb7 31. Ne8+ Kg8 32. Nf6+ 1-0

[Event "2014 Geoff Newton Memorial Sectional B"]
[Site "Edmonton"]
[Date "2014.10.24"]
[Round "1"]
[White "Sponga, George"]
[Black "Zeggelaar, Mike"]
[Result "1-0"]
[WhiteElo "1465"]
[BlackElo "1992"]
[PlyCount "69"]
[EventDate "2014.10.24"]
[EventType "tourn"]
[EventRounds "5"]
[EventCountry "CAN"]

1. f4 Nf6 2. d4 g6 3. Nf3 Bg7 4. e3 O-O 5. Bd3 d5 6. O-O b6 7. Qe1 Ba6 8. Ne5
Bxd3 9. cxd3 c5 10. Bd2 cxd4 11. exd4 Na6 12. Nc6 Qd7 13. Ne5 Qd6 14. a3 Rac8
15. Nc3 Nc7 16. Rf3 Ne6 17. Be3 a6 18. f5 Nc7 19. Bf4 Nh5 20. Nxf7 Bxd4+ 21.
Kh1 Qf6 22. Nh6+ Kh8 23. Bxc7 Qg7 24. Nxd5 Qxh6 25. Be5+ Bxe5 26. Qxe5+ Qg7 27.
Qxg7+ Kxg7 28. g4 Nf6 29. Nf4 Rg8 30. g5 Nd7 31. Re1 Kf7 32. fxg6+ hxg6 33.
Nd5+ Ke8 34. Nxe7 Rf8 35. Rxf8+ 1-0

[Event "2014 Geoff Newton Memorial Sectional B"]
[Site "Edmonton"]
[Date "2014.10.25"]
[Round "2"]
[White "Pua, Richard"]
[Black "Kadavil, Suresh"]
[Result "1-0"]
[WhiteElo "1917"]
[BlackElo "1643"]
[PlyCount "107"]
[EventDate "2014.10.24"]
[EventType "tourn"]
[EventRounds "5"]
[EventCountry "CAN"]

1. e4 d6 2. d4 Nf6 3. Nc3 c6 4. a4 Nbd7 5. f4 e5 6. Nf3 Qa5 7. Bd3 exd4 8. Nxd4
Nc5 9. O-O Nxd3 10. Qxd3 Be7 11. Bd2 Qh5 12. Rae1 O-O 13. Qg3 Qc5 14. Qd3 Ng4
15. h3 Ne5 16. fxe5 dxe5 17. Be3 exd4 18. Qxd4 Qh5 19. Qd1 Qg6 20. Qf3 Bd6 21.
Rd1 f5 22. Kh1 Bd7 23. e5 f4 24. Bf2 Bxh3 25. Rxd6 Be6 26. Rfd1 Rf5 27. Kg1
Rxe5 28. Qd3 Qg5 29. Rd8+ Rxd8 30. Qxd8+ Qxd8 31. Rxd8+ Kf7 32. Bxa7 b5 33.
axb5 cxb5 34. Rb8 Bc4 35. b3 Re1+ 36. Kh2 Bf1 37. Rxb5 Rc1 38. Rf5+ Kg6 39.
Rxf4 Rxc2 40. Rxf1 Rxc3 41. Rb1 Kf5 42. Bd4 Rc7 43. b4 g5 44. b5 Ke6 45. b6 Rb7
46. Kg3 h5 47. Kf3 Kd5 48. Be3 Rf7+ 49. Kg3 Kc6 50. b7 Rxb7 51. Rxb7 h4+ 52.
Kg4 Kxb7 53. Bxg5 h3 54. Kxh3 1-0

[Event "2014 Geoff Newton Memorial Sectional B"]
[Site "Edmonton"]
[Date "2014.10.25"]
[Round "2"]
[White "Sponga, George"]
[Black "Hughey, Leah"]
[Result "1-0"]
[WhiteElo "1465"]
[BlackElo "1758"]
[PlyCount "67"]
[EventDate "2014.10.24"]
[EventType "tourn"]
[EventRounds "5"]
[EventCountry "CAN"]

1. f4 g6 2. Nf3 Bg7 3. d4 Nf6 4. e3 O-O 5. Bd3 d6 6. c3 Bg4 7. O-O Nbd7 8. Qc2
Re8 9. Nbd2 Bxf3 10. Nxf3 e5 11. fxe5 dxe5 12. Bc4 exd4 13. exd4 Re7 14. Qb3 b6
15. Ng5 Qe8 16. Bf4 c6 17. Bd6 b5 18. Bxe7 bxc4 19. Qxc4 Qxe7 20. Rae1 Nb6 21.
Qxc6 Qd7 22. Qxd7 Nbxd7 23. Re7 h6 24. Ne4 Re8 25. Nxf6+ Nxf6 26. Rxa7 Rf8 27.
a4 Nd5 28. a5 f5 29. a6 Ne3 30. Re1 f4 31. Rb7 Nd5 32. a7 Kh7 33. Rb8 Nc7 34.
Re7 1-0

[Event "2014 Geoff Newton Memorial Sectional B"]
[Site "Edmonton"]
[Date "2014.10.25"]
[Round "2"]
[White "Zeggelaar, Mike"]
[Black "Mah, Sean"]
[Result "1-0"]
[WhiteElo "1992"]
[BlackElo "1526"]
[PlyCount "79"]
[EventDate "2014.10.24"]
[EventType "tourn"]
[EventRounds "5"]
[EventCountry "CAN"]

1. e4 e5 2. Nf3 Nc6 3. Nc3 Nf6 4. Nxe5 Nxe5 5. d4 Ng6 6. e5 Ng8 7. Bc4 d6 8.
Qf3 Be6 9. Bxe6 fxe6 10. Qxb7 N8e7 11. exd6 cxd6 12. Ne4 Rc8 13. O-O Qc7 14.
Qb5+ Nc6 15. Ng5 Ke7 16. c3 h6 17. Nxe6 Kxe6 18. d5+ Kd7 19. dxc6+ Qxc6 20.
Qf5+ Kd8 21. Qxg6 Qb5 22. Bf4 Rc6 23. Rae1 Ra6 24. c4 Qd7 25. c5 Rc6 26. cxd6
Bxd6 27. Re6 Rf8 28. Rxd6 Rxd6 29. Qxd6 Qxd6 30. Bxd6 Re8 31. Ba3 Re2 32. Rd1+
Kc8 33. Kf1 Rc2 34. Ke1 g6 35. Rd2 Rc1+ 36. Ke2 Rh1 37. h3 Rg1 38. g3 g5 39.
Rd1 Rxd1 40. Kxd1 1-0

[Event "2014 Geoff Newton Memorial Sectional B"]
[Site "Edmonton"]
[Date "2014.10.25"]
[Round "3"]
[White "Hughey, Leah"]
[Black "Zeggelaar, Mike"]
[Result "1/2-1/2"]
[WhiteElo "1758"]
[BlackElo "1992"]
[PlyCount "145"]
[EventDate "2014.10.24"]
[EventType "tourn"]
[EventRounds "5"]
[EventCountry "CAN"]

1. g3 d5 2. Nf3 c5 3. c4 dxc4 4. Qa4+ Nc6 5. Qxc4 e6 6. Bg2 Nf6 7. O-O Be7 8.
b3 O-O 9. Bb2 Rb8 10. Nc3 b5 11. Nxb5 Na5 12. Qc2 Rxb5 13. Ne5 Bb7 14. Bxb7
Nxb7 15. Nc6 Qd7 16. a4 Rb6 17. Nxa7 Nd6 18. Nb5 Nxb5 19. axb5 Qxb5 20. Ra7
Qxb3 21. Qxb3 Rxb3 22. Bc3 Nd5 23. Rd1 Nxc3 24. dxc3 Bf6 25. c4 Rc3 26. Ra4 h6
27. Rd7 Rc2 28. e3 Rb8 29. Raa7 Rbb2 30. Ra8+ Kh7 31. Raa7 Rxf2 32. Rxf7 Rfc2
33. Rxf6 Rb1+ 34. Rf1 Rxf1+ 35. Kxf1 Rxc4 36. Re7 Re4 37. Ke2 Kg6 38. Kd3 Re5
39. Rc7 Kf6 40. e4 Rg5 41. Kc4 Ke5 42. Kd3 Kd6 43. Ra7 Ke5 44. Rc7 Kf6 45. Kc4
Rg4 46. Kd3 h5 47. Rxc5 h4 48. gxh4 Rxh4 49. Rc2 e5 50. Rf2+ Rf4 51. Ke3 g5 52.
h4 Rxf2 53. hxg5+ Kxg5 54. Kxf2 Kh4 55. Kf3 Kh3 56. Kf2 Kg4 57. Ke3 Kg3 58. Ke2
Kf4 59. Kf2 Kxe4 60. Ke2 Kd4 61. Kd2 Kd5 62. Kd3 Ke6 63. Ke4 Kf6 64. Ke3 Kf5
65. Kf3 e4+ 66. Ke3 Ke5 67. Ke2 Kd4 68. Kd2 e3+ 69. Ke2 Ke4 70. Ke1 Kd3 71. Kd1
e2+ 72. Ke1 Kc2 73. Kxe2 1/2-1/2

[Event "2014 Geoff Newton Memorial Sectional B"]
[Site "Edmonton"]
[Date "2014.10.25"]
[Round "3"]
[White "Kadavil, Suresh"]
[Black "Sponga, George"]
[Result "0-1"]
[WhiteElo "1643"]
[BlackElo "1465"]
[PlyCount "87"]
[EventDate "2014.10.24"]
[EventType "tourn"]
[EventRounds "5"]
[EventCountry "CAN"]

1. b4 e5 2. Bb2 f6 3. e4 Bxb4 4. Bc4 g6 5. f4 d6 6. fxe5 dxe5 7. Nf3 Bd6 8. O-O
c6 9. d4 Qb6 10. Bb3 Bg4 11. Ba3 Bxa3 12. Nxa3 Nd7 13. Bf7+ Ke7 14. Bb3 Bxf3
15. Qxf3 Qxd4+ 16. Kh1 Nc5 17. Rad1 Qxe4 18. Qf2 Nxb3 19. axb3 b6 20. Nc4 Rd8
21. Rxd8 Kxd8 22. Rd1+ Ke7 23. Nd6 Qf4 24. Qe1 Nh6 25. h3 Rd8 26. Nc4 Rxd1 27.
Qxd1 Nf5 28. Qa1 Ng3+ 29. Kg1 Qd4+ 30. Qxd4 exd4 31. Kf2 Nf5 32. g4 Nd6 33. Nd2
a5 34. Kf3 g5 35. Ke2 c5 36. Kd3 Ke6 37. Ne4 Nxe4 38. Kxe4 h6 39. Kd3 Kd5 40.
Kd2 Ke4 41. Ke2 b5 42. Kf2 c4 43. Ke2 cxb3 44. cxb3 0-1

[Event "2014 Geoff Newton Memorial Sectional B"]
[Site "Edmonton"]
[Date "2014.10.25"]
[Round "3"]
[White "Mah, Sean"]
[Black "Pua, Richard"]
[Result "0-1"]
[WhiteElo "1526"]
[BlackElo "1917"]
[PlyCount "52"]
[EventDate "2014.10.24"]
[EventType "tourn"]
[EventRounds "5"]
[EventCountry "CAN"]

1. e4 e5 2. f4 d5 3. exd5 exf4 4. Nf3 Nf6 5. Bb5+ c6 6. dxc6 Nxc6 7. d4 Bd6 8.
c3 O-O 9. O-O Bg4 10. Nbd2 Re8 11. Re1 Rc8 12. b3 Rxe1+ 13. Qxe1 Qe8 14. Bb2
Qe3+ 15. Qf2 Bxf3 16. gxf3 Re8 17. Kf1 a6 18. Qxe3 fxe3 19. Nc4 Bxh2 20. Bxc6
bxc6 21. Re1 Nd5 22. Na5 Bg3 23. Re2 Nf4 24. Nxc6 Re6 25. Nb4 Rh6 26. Rg2 Rh1+
0-1

[Event "2014 Geoff Newton Memorial Sectional B"]
[Site "Edmonton"]
[Date "2014.10.26"]
[Round "4"]
[White "Sponga, George"]
[Black "Mah, Sean"]
[Result "0-1"]
[WhiteElo "1465"]
[BlackElo "1526"]
[PlyCount "120"]
[EventDate "2014.10.24"]
[EventType "tourn"]
[EventRounds "5"]
[EventCountry "CAN"]

1. f4 f5 2. d4 d6 3. Nf3 Nf6 4. e3 b6 5. Be2 Bb7 6. O-O c5 7. Bb5+ Nbd7 8. c3
g6 9. Ng5 a6 10. Bc4 d5 11. Bd3 h6 12. Ne6 Qc8 13. Rf3 Qc6 14. Nxf8 Nxf8 15.
Bd2 c4 16. Bc2 e6 17. Be1 g5 18. Nd2 Ng6 19. g4 Nxg4 20. Rg3 O-O-O 21. Rxg4
fxg4 22. Bxg6 Rdg8 23. Bh5 gxf4 24. exf4 Rh7 25. Bg3 Rhg7 26. Qe2 Kd8 27. Re1
Bc8 28. Qe5 Qd7 29. Bh4+ Re7 30. Bxe7+ Qxe7 31. Nf1 Rf8 32. Ng3 Qf6 33. Qxf6+
Rxf6 34. Rf1 Ke7 35. Bxg4 b5 36. Kg2 a5 37. Kf3 Kd6 38. Re1 b4 39. cxb4 axb4
40. Nh5 Rg6 41. Ng3 Rxg4 42. Kxg4 e5+ 43. Nf5+ Bxf5+ 44. Kxf5 exd4 45. Kg4 d3
46. f5 d2 47. Rd1 c3 48. bxc3 bxc3 49. Kf3 c2 50. Ke2 c1=Q 51. Rxd2 Qc4+ 52.
Kd1 Qg4+ 53. Kc2 Qxf5+ 54. Kb3 Qc8 55. Rc2 Qb7+ 56. Ka4 Qa6+ 57. Kb3 Qb5+ 58.
Kc3 Qc4+ 59. Kb2 Qb4+ 60. Kc1 Ke5 0-1

[Event "2014 Geoff Newton Memorial Sectional B"]
[Site "Edmonton"]
[Date "2014.10.26"]
[Round "4"]
[White "Zeggelaar, Mike"]
[Black "Pua, Richard"]
[Result "1/2-1/2"]
[WhiteElo "1992"]
[BlackElo "1917"]
[PlyCount "38"]
[EventDate "2014.10.24"]
[EventType "tourn"]
[EventRounds "5"]
[EventCountry "CAN"]

1. e4 e5 2. Nf3 Nc6 3. Bc4 Bc5 4. b4 Bb6 5. a4 a6 6. Bb2 d6 7. a5 Ba7 8. b5
axb5 9. Bxb5 Bd7 10. O-O Nf6 11. d3 O-O 12. Nbd2 Bc5 13. Nc4 Nd4 14. Nxd4 Bxd4
15. Bxd7 Bxb2 16. Nxb2 Qxd7 17. Qd2 Ra6 18. Qb4 Qc6 19. Nc4 Nd7 1/2-1/2